000 00608nam a22002057a 4500
003 OSt
005 20260216120615.0
008 160222b xxu||||| |||| 00| 0 eng d
040 _c05-755-2013-1
050 _a174.4
082 _a174.4
100 _aAlvi,Sara.
_9133239
245 _aBeaconhouse School System (BSS) Restructuring.
_bCase Studies.
_cSara Alvi
260 _aLahore.
_bLUMS
_c2013.
300 _a17p.
500 _aPaper Cover
590 _6http://10.250.8.41:8080/xmlui/handle/123456789/56795
856 _uhttp://10.250.8.41:8080/xmlui/handle/123456789/56795
942 _2ddc
_cCS
_k174.4
999 _c351208
_d351208